| 000 | 007220000a22002530004500 | ||
|---|---|---|---|
| 090 |
_aAR _b03473 |
||
| 245 | 1 | 0 | _aTaxonomic value of the cuticular structures of the stomodeum in acridomorpha (Orthoptera) |
| 650 | 1 | 4 |
_aEntomología _94483 |
| 650 | 1 | 4 |
_aSistemática _93510 |
| 650 | 1 | 4 |
_aMorfología _992917 |
| 650 | 1 | 4 |
_aAnatomía _995070 |
| 653 | _fAcrididae | ||
| 653 | _fEumastacidae | ||
| 653 | _fProscopiidae | ||
| 653 | _fOmmexechidae | ||
| 653 | _fPauliinidae | ||
| 653 | _fRomaleidae | ||
| 653 | _fTristiridae | ||
| 041 | 0 | _aEspañol | |
| 700 | 1 |
_aLorier, Estrellita _997099 |
|
| 100 | 1 |
_aBentos Pereira, Alba _996614 |
|
| 942 | _cARTICULO | ||
| 773 | 1 |
_tJournal of Orthoptera Research _h4 _q185-195 _d1995 |
|
| 999 |
_c12523 _d12523 |
||